000 01441cam a22003011i 4500
003 SA-RiAUC
003 SA_RiAUC
005 20250120125124.0
008 250119s2011 su g 000 0 ara c
040 _aSA-JeALM
_bara
_cSA-RiAUC
_erda
082 0 4 _a257.1
_qSA-RiAUC
090 _a257.1 ا م ا
_b257.1 ا م ا
100 1 _aإمام الحرمين، عبد الملك بن عبد الله بن يوسف النيسابوري الجويني،
_d419-478 هجري
_eمؤلف.
245 1 2 _aالغياثي :
_bغياث الأمم في التياث الظلم /
_cعبد الملك بن عبد الله بن يوسف النيسابوري. حققه ووضع فهارسه عبدالعظيم محمود الديب
246 3 0 _aغياث الأمم في التياث الظلم
250 _aالطبعة الثالثة.
264 1 _aجدة، السعودية :
_bدار المنهاج للنشر والتوزيع،
_c2011
300 _a655 صفحة
_c24 سم
336 _aنص
_btxt
_2rdacontent
_3كتاب
337 _aبدون وسيط
_bn
_2rdamedia
338 _aمجلد
_bnc
_2rdacarrier
650 7 _aنظم الحكم في الإسلام
_2aucsh
650 7 _aالنظام السياسي في الإسلام
_2aucsh
650 7 _aالأحكام السلطانية
_2aucsh
700 _aالديب، عبدالعظيم محمود
_d1348 - 1431 هـ
_eمحقق.
942 _2ddc
_cBOOK
_n0
949 _aSA-JeALM
_d250119
_uosman123
_n1
999 _c5018
_d5018